000 00250nam a2200097Ia 4500
001 1215720
005 20250827024556.0
008 250824s9999 xx 000 0 und d
245 0 _aSÖZÜN EŞİĞİNDE
_cİHSAN FAZLIOĞLU
260 _bKETEBE YAYINEVİ
999 _c1215720
_d1215720